| 000 | 01465nab a22002417a 4500 | ||
|---|---|---|---|
| 999 |
_c5857 _d5857 |
||
| 003 | OSt | ||
| 005 | 20260108222604.0 | ||
| 008 | 190514b xxu||||| |||| 00| 0 spa d | ||
| 040 | _cPJ | ||
| 100 |
_94294 _aGonzález de Vicel, Mariela |
||
| 245 | 1 | 0 |
_aBalance, consolidación y desafíos en técnicas de reproducción humana asistida / _cMariela González de Vicel, Silvia Fernández. |
| 300 | _ap. 166-186 | ||
| 505 | _aSumario: I. Objeto de este aporte en el marco legal actual sobre reproducción humana asistida.— II. Accesibilidad y cobertura de tratamientos: contenido, cantidad y autorizaciones.— III. El Cód. Civ. y Com. y el derecho a la identidad en casos de TRHA.— IV. Fallecimiento y TRHA: fertilización, fecundación y filiación post mortem.— V. Solicitud de transferencia embrionaria sin voluntad procreacional.— VI. Gestación por sustitución. Una deuda pendiente y un debate candente.— VII. Breves consideraciones finales. | ||
| 505 | _tSi te interesa el texto, comunicate a koha@justierradelfuego.gov.ar | ||
| 650 | 0 |
_91497 _aCODIGO CIVIL Y COMERCIAL |
|
| 650 | 0 |
_9967 _aDERECHO DE FAMILIA |
|
| 650 | 0 |
_94292 _aTÉCNICAS DE REPRODUCCIÓN HUMANA ASISTIDA |
|
| 650 | 0 |
_95385 _aVOLUNTAD PROCREACIONAL |
|
| 650 | 0 |
_92345 _aDERECHO A LA IDENTIDAD |
|
| 700 |
_93280 _aFernández, Silvia E. _ecoautor |
||
| 773 | 0 |
_02844 _93222 _dBuenos Aires : AbeledoPerrot, 1989- _tDerecho de familia. N° 120 - Julio 2025 _z18511201 |
|
| 942 |
_2udc _cANA |
||